=LDR 00000nam 2200000 4500 =001 INLIS000000000054064 =005 20201117090927 =035 ##$$a 0010-0519000126 =007 ta =008 201117################g##########0#ind## =020 ##$$a 978-979-450-639-4 =082 ##$$a 320 =084 ##$$a 320 SYA p =100 #$$a Syahrial Syarbaini =245 1#$$a Pengetahuan dasar ilmu politik /$c Dr.Syahrial Syarbaini,M.A.,Rusdiyanta, Doddy Wihardi, S.IP. =250 ##$$a Cet 2 =260 ##$$a Bogor :$b Ghalia Indonesia,$c 2013 =300 ##$$a 169 hlm. : $b ilus. ; $c 23 x 16 cm. =650 #4$$a Politik, Ilmu =700 #$$a Rusdiyanta =700 #$$a Doddy Wihardi =504 ##$$a Bibliografi hlm. : 165-167 =520 ##$$a Biografi hlm. : 168-169 =990 ##$$a 31900148